[Event "Subcarpathian-chT"]
[Site "Bystre"]
[Date "2021.06.12"]
[Round "7.16"]
[White "Skladanowski, Adam"]
[Black "Wojciechowski, Beniamin"]
[Result "1/2-1/2"]
[WhiteElo "1825"]
[BlackElo "1842"]
[PlyCount "52"]
[EventDate "2021.06.09"]
[EventType "team-tourn"]
[EventRounds "9"]
[EventCountry "POL"]
[SourceTitle "EXT 2022"]
[Source "ChessBase"]
[SourceDate "2021.10.06"]
[SourceVersion "1"]
[SourceVersionDate "2021.10.06"]
[SourceQuality "1"]

1. d4 d5 2. Bf4 Bf5 3. e3 e6 4. c4 Bxb1 5. Qxb1 Bb4+ 6. Kd1 dxc4 7. Bxc4 Bd6 8. Bxd6 Qxd6 9. Nf3 c5 10. Ke2 Nc6 11. Rd1 cxd4 12. Nxd4 Nxd4+ 13. Rxd4 Qxh2 14. Bb5+ Kf8 15. Qd3 Nf6 16. Rd1 g5 17. g3 Kg7 18. Ba4 Qh5+ 19. Ke1 Qf3 20. Bc2 Rac8 21. Rd2 e5 22. Rd6 e4 23. Qf1 h5 24. Qb5 Qh1+ 25. Ke2 Qf3+ 26. Ke1 Qh1+ 1/2-1/2

[Event "Subcarpathian-chT"]
[Site "Bystre"]
[Date "2021.06.11"]
[Round "5.22"]
[White "Bauer, Maja"]
[Black "Wojciechowski, Beniamin"]
[Result "0-1"]
[WhiteElo "1055"]
[BlackElo "1842"]
[PlyCount "86"]
[EventDate "2021.06.09"]
[EventType "team-tourn"]
[EventRounds "9"]
[EventCountry "POL"]
[SourceTitle "EXT 2022"]
[Source "ChessBase"]
[SourceDate "2021.10.06"]
[SourceVersion "1"]
[SourceVersionDate "2021.10.06"]
[SourceQuality "1"]

1. e4 e6 2. d4 d5 3. Nd2 c5 4. c3 cxd4 5. cxd4 Nc6 6. Ne2 Bb4 7. e5 f6 8. f4 fxe5 9. dxe5 Nge7 10. Nc3 Nf5 11. Nf3 d4 12. a3 Qa5 13. Bd2 dxc3 14. axb4 cxd2+ 15. Nxd2 Qxb4 16. Qf3 Qxb2 17. Rb1 Qd4 18. Bb5 Bd7 19. Rc1 Qe3+ 20. Qxe3 Nxe3 21. Kf2 Nd5 22. g3 0-0 23. Rhf1 Nxe5 24. Bxd7 Nxd7 25. Rfe1 e5 26. Kg2 exf4 27. Rb1 b6 28. gxf4 Rxf4 29. Rb5 Nc5 30. Nb3 a6 31. Rxc5 bxc5 32. Nxc5 a5 33. Rd1 Ne3+ 34. Kg3 Rc4 35. Rd3 Nf5+ 36. Kf2 Rxc5 37. h3 a4 38. Ra3 Rb5 39. Ke1 Rb3 40. Ra2 a3 41. Kd1 Rb2 42. Ra1 Ne3+ 43. Kc1 Rc8# 0-1

[Event "Subcarpathian-chT"]
[Site "Bystre"]
[Date "2021.06.10"]
[Round "3.28"]
[White "Gluch, Pawel"]
[Black "Wojciechowski, Beniamin"]
[Result "1-0"]
[WhiteElo "1654"]
[BlackElo "1842"]
[PlyCount "93"]
[EventDate "2021.06.09"]
[EventType "team-tourn"]
[EventRounds "9"]
[EventCountry "POL"]
[SourceTitle "EXT 2022"]
[Source "ChessBase"]
[SourceDate "2021.10.06"]
[SourceVersion "1"]
[SourceVersionDate "2021.10.06"]
[SourceQuality "1"]

1. e4 e6 2. d4 d5 3. Nc3 Nf6 4. e5 Nfd7 5. Qh5 c5 6. Nf3 Nc6 7. Ng5 g6 8. Qf3 Qe7 9. Nb5 Nxd4 10. Nd6+ Kd8 11. Ngxf7+ Kc7 12. Qc3 Nxe5 13. Bf4 Bg7 14. Qxc5+ Ndc6 15. Nxe5 Qxd6 16. Qxd6+ Kxd6 17. Nxg6+ e5 18. Nxh8 exf4 19. Nf7+ Kc5 20. Ng5 Bxb2 21. Rb1 Bc3+ 22. Kd1 h6 23. Nf3 a6 24. Rb3 d4 25. g3 Bg4 26. Be2 Na5 27. Nxd4 Bxe2+ 28. Nxe2 Rd8+ 29. Kc1 Bd2+ 30. Kb2 Nxb3 31. axb3 fxg3 32. hxg3 Rf8 33. f4 Re8 34. Rh5+ Kd6 35. Rxh6+ Kd7 36. Rh2 Rg8 37. c3 Kd6 38. Kc2 Be3 39. Kd3 Bb6 40. Rh6+ Kc7 41. f5 Bf2 42. Rg6 Rf8 43. g4 Bh4 44. Nd4 Rf7 45. Ne6+ Kd7 46. Ke4 Be7 47. g5 1-0

[Event "Krakow op-B 28th"]
[Site "Krakow"]
[Date "2017.12.27"]
[Round "1"]
[White "Brylski, Pawel"]
[Black "Wojciechowski, Beniamin"]
[Result "1-0"]
[WhiteElo "2045"]
[BlackElo "1886"]
[PlyCount "65"]
[EventDate "2017.12.27"]
[EventType "swiss"]
[EventRounds "9"]
[EventCountry "POL"]
[SourceTitle "CBM 182 Extra"]
[Source "ChessBase"]
[SourceDate "2018.02.23"]
[SourceVersion "1"]
[SourceVersionDate "2018.02.23"]
[SourceQuality "1"]

1. e4 e6 2. d4 d5 3. e5 c5 4. c3 Nc6 5. Nf3 Qb6 6. Bd3 h6 7. 0-0 Bd7 8. dxc5 Bxc5 9. b4 Be7 10. a4 Qc7 11. Re1 0-0-0 12. b5 Na5 13. Ba3 f5 14. Nbd2 Kb8 15. Qe2 Rc8 16. Rec1 g5 17. c4 dxc4 18. Bxc4 Bxa3 19. Rxa3 Ne7 20. Rac3 Nxc4 21. Rxc4 Qb6 22. Nb3 Rxc4 23. Rxc4 Rc8 24. h4 Rxc4 25. Qxc4 g4 26. Nfd4 Bc8 27. Qc1 Ng6 28. Qxh6 Nxe5 29. h5 g3 30. f3 a6 31. Qf4 Qc7 32. bxa6 bxa6 33. Qxe5 1-0

[Event "Przelazy Cup op 7th"]
[Site "Przelazy"]
[Date "2007.04.14"]
[Round "6"]
[White "Wojciechowski, Beniamin"]
[Black "Szneider, Kazimierz"]
[Result "1/2-1/2"]
[WhiteElo "1882"]
[BlackElo "2022"]
[PlyCount "42"]
[EventDate "2007.04.10"]
[EventType "swiss"]
[EventRounds "9"]
[EventCountry "POL"]
[SourceTitle "EXT 2011"]
[Source "ChessBase"]
[SourceDate "2010.11.26"]
[SourceVersion "1"]
[SourceVersionDate "2010.11.26"]
[SourceQuality "1"]

1. e4 g6 2. d4 Bg7 3. Nc3 d6 4. f4 c6 5. Nf3 Bg4 6. Be3 Qb6 7. Qd2 Nf6 8. Be2 Bc8 9. 0-0-0 Qa5 10. Kb1 b5 11. e5 Nfd7 12. exd6 exd6 13. Ne4 Qc7 14. d5 c5 15. Bxb5 Qb6 16. c3 0-0 17. Bd3 f5 18. Neg5 Nf6 19. Bc4 h6 20. Ne6 Ne4 21. Qc2 Nxc3+ 1/2-1/2

[Event "Przelazy Cup op 7th"]
[Site "Przelazy"]
[Date "2007.04.10"]
[Round "2"]
[White "Wojciechowski, Beniamin"]
[Black "Stankowski, Aleksander"]
[Result "1-0"]
[WhiteElo "1882"]
[BlackElo "1615"]
[PlyCount "47"]
[EventDate "2007.04.10"]
[EventType "swiss"]
[EventRounds "9"]
[EventCountry "POL"]
[SourceTitle "EXT 2011"]
[Source "ChessBase"]
[SourceDate "2010.11.26"]
[SourceVersion "1"]
[SourceVersionDate "2010.11.26"]
[SourceQuality "1"]

1. e4 e5 2. f4 Nc6 3. Nf3 d6 4. Bb5 Bg4 5. Nc3 exf4 6. d4 a6 7. Bxc6+ bxc6 8. Bxf4 Qf6 9. Qd2 Bxf3 10. gxf3 Ne7 11. Qe3 0-0-0 12. 0-0-0 Re8 13. Bg3 g5 14. Qd3 Kb7 15. e5 Qg6 16. Ne4 Nc8 17. Qb3+ Ka7 18. Rd3 Bh6 19. Kb1 g4 20. Qa4 Kb7 21. Ra3 Nb6 22. Qxa6+ Kb8 23. exd6 Nd5 24. Qa8# 1-0

[Event "Guben op 10th"]
[Site "Guben"]
[Date "2007.01.02"]
[Round "2.6"]
[White "Wojciechowski, Beniamin"]
[Black "Talla, Vladimir"]
[Result "0-1"]
[WhiteElo "1893"]
[BlackElo "2413"]
[PlyCount "66"]
[EventDate "2007.01.02"]
[EventType "swiss"]
[EventRounds "9"]
[EventCountry "GER"]
[SourceTitle "EXT 2021"]
[Source "ChessBase"]
[SourceDate "2020.10.23"]
[SourceVersion "1"]
[SourceVersionDate "2020.10.23"]
[SourceQuality "1"]

1. e4 c5 2. Nf3 d6 3. d4 cxd4 4. Nxd4 Nf6 5. Nc3 a6 6. Bg5 e6 7. f4 Be7 8. Qf3 Qc7 9. 0-0-0 Nbd7 10. g4 b5 11. Bxf6 Nxf6 12. g5 Nd7 13. f5 Nc5 14. f6 gxf6 15. gxf6 Bf8 16. Rg1 h5 17. Rg7 b4 18. Nd5 exd5 19. exd5 Nd7 20. Re1+ Ne5 21. Rxe5+ dxe5 22. d6 Bb7 23. Qg3 Bxd6 24. Ne6 Qa5 25. Nc5 Qc7 26. Nxb7 Qxb7 27. Bg2 e4 28. Bxe4 Qd7 29. Qe3 0-0-0 30. Bd3 Qb7 31. Be4 Qc7 32. Qh3+ Kb8 33. c3 bxc3 0-1

[Event "Przelazy op-A"]
[Site "Przelazy"]
[Date "2004.??.??"]
[Round "7"]
[White "Wojciechowski, Beniamin"]
[Black "Kulpinski, Piotr"]
[Result "1-0"]
[WhiteElo "1900"]
[BlackElo "2050"]
[PlyCount "43"]
[EventDate "2004.??.??"]
[EventType "swiss"]
[EventRounds "9"]
[EventCountry "POL"]
[SourceTitle "EXT 2007"]
[Source "ChessBase"]
[SourceDate "2006.11.23"]
[SourceVersion "1"]
[SourceVersionDate "2006.11.23"]
[SourceQuality "1"]

1. e4 c5 2. Nf3 d6 3. d4 cxd4 4. Nxd4 Nf6 5. Nc3 g6 6. Be3 Bg7 7. f3 0-0 8. Qd2 Nc6 9. Bc4 Bd7 10. 0-0-0 Ne5 11. Bb3 Rc8 12. Kb1 Nc4 13. Bxc4 Rxc4 14. h4 Qa5 15. Nb3 Qa6 16. h5 Rfc8 17. hxg6 fxg6 18. Bd4 Ba4 19. Bxf6 exf6 20. Qd5+ Kh8 21. Rxh7+ Kxh7 22. Rh1+ 1-0

[Event "Przelazy op-A"]
[Site "Przelazy"]
[Date "2004.??.??"]
[Round "1"]
[White "Wojciechowski, Beniamin"]
[Black "Lipski, Tadeusz"]
[Result "0-1"]
[WhiteElo "1900"]
[BlackElo "2235"]
[PlyCount "36"]
[EventDate "2004.??.??"]
[EventType "swiss"]
[EventRounds "9"]
[EventCountry "POL"]
[SourceTitle "EXT 2007"]
[Source "ChessBase"]
[SourceDate "2006.11.23"]
[SourceVersion "1"]
[SourceVersionDate "2006.11.23"]
[SourceQuality "1"]

1. e4 e5 2. f4 Bc5 3. Nf3 d5 4. exd5 e4 5. Ne5 Nf6 6. Nc3 0-0 7. d4 exd3 8. Qxd3 Re8 9. Be2 Nbd7 10. h3 Bb6 11. Bd2 Nxe5 12. fxe5 Rxe5 13. Bf4 Bf5 14. Qc4 Re8 15. 0-0-0 Ne4 16. Rh2 Nxc3 17. bxc3 Re4 18. Bxc7 Bxc7 0-1